000 00571cam a22001934a 4500
020 _a089629112X
040 _cDLC
082 0 0 _a338 IFPRI 1999 C141 Or.1
100 1 _aEvenson, Robert E.
245 1 0 _aAgricultural research and productivity growth in India /
260 _aWashington, D.C. :
_bInternational Food Policy Research Institute,
_cc1999.
300 _a88 p. :
_bill. ;
_c 26 cm.
490 1 _aResearch report ;
650 0 _aAgriculture
650 0 _aAgricultural productivity
700 1 _aPray, Carl.
700 1 _aRosegrant, Mark W.
942 _cAEDBB
999 _c18288
_d18288